000 00719nam a22001937a 4500
999 _c18964
_d18964
003 AR-CdUCM
008 190516b ||||| |||| 00| 0 spa d
040 _aMUNICIPALIDAD PROVINCIAL DEL CUSCO
_cBIBLIOTECA MUNICIPAL DEL CUSCO
082 _a621.313 /
_bJ67
100 _aJohnson, Olaf A.
_939919
245 _aDiseño de máquinas herramienta /
260 _aMéxico :
_bRoble,
_c1973.
300 _a260 páginas ;
_bIlustraciones,
_c24 cm.
505 _aContenido: Fases del diseño -- Investigación del mercado -- Diseño preliminar -- Prototipo de maquina ...,
650 _aMáquinas herramientas
_920455
700 _aBosch Tejeda, Antonio (traductor)
_939920
942 _2ddc
_cLIBROS
945 _aacv
_d2019-05-16